| 000 | 00523nam a22001817a 4500 | ||
|---|---|---|---|
| 999 |
_c157879 _d157879 |
||
| 005 | 20181006162625.0 | ||
| 010 | _aENG-124200 | ||
| 020 |
_a9789386050915 _c250.00 |
||
| 035 | _aEN-107732 | ||
| 037 | _bDABD/PUB | ||
| 082 | _a881 | ||
| 100 | _aLadakhi, Guru T. | ||
| 245 |
_aMonk on a hill: _cby Guru T. Ladakhi _bpoems / |
||
| 260 |
_aNew Delhi _bSpeaking Tiger _c2017 |
||
| 270 |
_a4381/4 Ansari Road, Daryaganj, _bNew Delhi _e10002 |
||
| 300 |
_a90p. _c21cm(Hb) _bill. |
||
| 942 |
_2ddc _cEN _mLAD _h881 |
||